000 01091nam a2200301 c 4500
003 BLK
005 20210915123101.0
008 180408b bul|||||r ||||||| ||bul||
010 _aKNG00058996000
020 _a954-9415-13-9
_bиздат.: Водолей
040 _aBLK
041 _aBUL
_cBUL
080 _aБългарска литература
_b821.163.2
_x-311.6
_z821.163.2-311.6
100 1 _aХристозов, Петър
_eпърви автор
_9251078
139 _aХристозов, Петър
_bХ 82
245 1 0 _a[Кво боно] Quo bono? или Кой има изгода?
_bПолит. роман
_cПетър Христозов.
257 _aBGR
260 София
_bВодолей
_c2005
300 _a192 с.
_c20 см
380 _aX
500 _aПетър Христозов - псевд. на Христо Вълчев. - Офс. изд.
653 _aполитически романи
852 _aЦб 226897
856 4 _qpdf
_u
856 4 _qpdf
_u
942 _cKNG
_n0
_04
944 _aCR
_c24.03.2006
_kГеновева_Генчева
944 _aED
_c08.03.2007
_k
999 _c55032
_d55032